000
00289nam a2200109Ia 4500
008
210430s9999 xx 000 0 und d
082
_a
297.01 F159 F
100
_a
Haji Faiz Muhammad Sheikh
_9
54090
245
_a
Fehm-e-Din
_c
Haji Faiz Muhammad Sheikh
300
_a
284p.
942
_c
BK
_2
ddc
999
_c
564552
_d
564552